| 000 -LEADER |
| fixed length control field |
01814nam a22004577a 4500 |
| 005 - DATE AND TIME OF LATEST TRANSACTION |
| control field |
20260418104005.0 |
| 008 - FIXED-LENGTH DATA ELEMENTS--GENERAL INFORMATION |
| fixed length control field |
260414b xxu||||| |||| 00| 0 eng d |
| 040 ## - CATALOGING SOURCE |
| Transcribing agency |
Cagayan State University |
| 082 ## - DEWEY DECIMAL CLASSIFICATION NUMBER |
| Classification number |
791.4372 |
| Item number |
I54 2009 |
| 245 ## - TITLE STATEMENT |
| Title |
Inglourious Basterds / |
| Statement of responsibility, etc |
directed by Quentin Tarantino ; produced by Lawrence Bender ; written by Quentin Tarantino ; edited by Sally Menke. |
| 260 ## - PUBLICATION, DISTRIBUTION, ETC. (IMPRINT) |
| Place of publication, distribution, etc |
United States : |
| Name of publisher, distributor, etc |
The Weinstein Company ; Universal Pictures, |
| Date of publication, distribution, etc |
2009. |
| 300 ## - PHYSICAL DESCRIPTION |
| Extent |
1 videofile, (ca. 153 minutes) : |
| Other physical details |
sound, color. |
| 500 ## - GENERAL NOTE |
| General note |
In Nazi-occupied France during World War II, a plan to assassinate Nazi leaders by a group of Jewish U.S. soldiers coincides with a theatre owner's vengeful plans for the same. |
| 546 ## - LANGUAGE NOTE |
| Language note |
In English, German, and French with subtitles.
|
| 650 ## - SUBJECT ADDED ENTRY--TOPICAL TERM |
| Topical term or geographic name as entry element |
World War II |
| 655 ## - INDEX TERM--GENRE/FORM |
| Source of term |
Icgft |
| Genre/form data or focus term |
Dark comedy, period drama, adventure, drama and war. |
| 700 ## - ADDED ENTRY--PERSONAL NAME |
| Personal name |
Tarantino, Quentin, director and writter. |
| 700 ## - ADDED ENTRY--PERSONAL NAME |
| Personal name |
Bock, Rainer, star |
| 700 ## - ADDED ENTRY--PERSONAL NAME |
| Personal name |
Kranz, Michael,star. |
| 700 ## - ADDED ENTRY--PERSONAL NAME |
| Personal name |
Pallaske, Jana, star. |
| 700 ## - ADDED ENTRY--PERSONAL NAME |
| Personal name |
Rodriguez, Tina, star. |
| 700 ## - ADDED ENTRY--PERSONAL NAME |
| Personal name |
Diehl,, August, star. |
| 700 ## - ADDED ENTRY--PERSONAL NAME |
| Personal name |
Dreyfus, Julie, star. |
| 700 ## - ADDED ENTRY--PERSONAL NAME |
| Personal name |
Ménochet, Denis, star. |
| 700 ## - ADDED ENTRY--PERSONAL NAME |
| Personal name |
Ido, Jacky, star. |
| 700 ## - ADDED ENTRY--PERSONAL NAME |
| Personal name |
Myers, Mike, star. |
| 700 ## - ADDED ENTRY--PERSONAL NAME |
| Personal name |
Taylor, Rod, star. |
| 700 ## - ADDED ENTRY--PERSONAL NAME |
| Personal name |
Wuttke, Martin, star. |
| 700 ## - ADDED ENTRY--PERSONAL NAME |
| Personal name |
Groth,Sylvester, star. |
| 700 ## - ADDED ENTRY--PERSONAL NAME |
| Personal name |
Schweiger, Til, star. |
| 700 ## - ADDED ENTRY--PERSONAL NAME |
| Personal name |
Laurent, Mélanie, star. |
| 700 ## - ADDED ENTRY--PERSONAL NAME |
| Personal name |
Brühl, Daniel, star. |
| 700 ## - ADDED ENTRY--PERSONAL NAME |
| Personal name |
Roth, Eli, star. |
| 700 ## - ADDED ENTRY--PERSONAL NAME |
| Personal name |
Fassbender, Michael, star. |
| 700 ## - ADDED ENTRY--PERSONAL NAME |
| Personal name |
Kruger, Diane, star. |
| 700 ## - ADDED ENTRY--PERSONAL NAME |
| Personal name |
Waltz, Christoph, star. |
| 700 ## - ADDED ENTRY--PERSONAL NAME |
| Personal name |
Bender, Lawrence, producer. |
| 700 ## - ADDED ENTRY--PERSONAL NAME |
| Personal name |
Richardson, Robert, cinematographer. |
| 700 ## - ADDED ENTRY--PERSONAL NAME |
| Personal name |
Menke, Sally, editor. |
| 942 ## - ADDED ENTRY ELEMENTS (KOHA) |
| Source of classification or shelving scheme |
|
| Item type |
Audio-Visual Materials |